00000000nam 2200000zi 4500
0019.933982
003CaOODSP
00520250124150648
006m     o  d f      
007cr mn|||||||||
008240215s1967    onc     os   f000 0 eng d
040 |aCaOODSP|beng|erda|cCaOODSP
043 |an-cn---
0861 |aId40-1/1967E-PDF
24500|aImport study : |bplastic materials and products.
264 1|aOttawa : |bDepartment of Industry, |c[1967]
300 |a1 online resource (99 pages)
336 |atext|btxt|2rdacontent
337 |acomputer|bc|2rdamedia
338 |aonline resource|bcr|2rdacarrier
500 |aDigitized edition from print [produced by Innovation, Science and Economic Development Canada].
650 0|aPlastics industry and trade|zCanada|vStatistics.
650 6|aMatières plastiques|xIndustrie|zCanada|vStatistiques.
655 7|aStatistics|2lcgft
655 7|aStatistiques|2rvmgf
7101 |aCanada. |bDepartment of Industry, |eissuing body.
85640|qPDF|s1.89 MB|uhttps://publications.gc.ca/collections/collection_2025/isde-ised/Id40-1-1967-eng.pdf